| Record ID | ia:whystudyreligion0000muck |
| Source | Internet Archive |
| Download MARC XML | https://archive.org/download/whystudyreligion0000muck/whystudyreligion0000muck_marc.xml |
| Download MARC binary | https://www.archive.org/download/whystudyreligion0000muck/whystudyreligion0000muck_meta.mrc |
LEADER: 03236cam 2200529 i 4500
001 ocn927382742
003 OCoLC
005 20220929221319.0
008 160128s2016 miu b 001 0 eng
010 $a 2016004352
040 $aDLC$beng$erda$cDLC$dYDX$dYDXCP$dBTCTA$dBDX$dOCLCF$dBCT$dDTM$dYUS$dOCLCO$dUKMGB$dKAT$dOCLCO$dKAT$dOCLCO
016 7 $a017945505$2Uk
020 $a9780801049958$q(paperback)
020 $a0801049954$q(paperback)
020 $z9781493404506$q(ebook)
020 $z1493404504$q(ebook)
024 8 $a40026217368
035 $a(OCoLC)927382742
042 $apcc
050 00 $aBL41$b.M84 2016
082 00 $a200.71$223
100 1 $aMuck, Terry C.,$d1947-$eauthor.
245 10 $aWhy study religion? :$bunderstanding humanity's pursuit of the divine /$cTerry C. Muck.
264 1 $aGrand Rapids, Michigan :$bBaker Academic, a division of Baker Publishing Group,$c[2016]
300 $axii, 202 pages ;$c22 cm
336 $atext$btxt$2rdacontent
337 $aunmediated$bn$2rdamedia
338 $avolume$bnc$2rdacarrier
504 $aIncludes bibliographical references and index.
505 0 $aWhy? -- The study of religion -- The student of religion -- Why now? -- Changing societies: radical differentiation -- Complex individuals: hybrid personalities -- Clashing religions: contestation, consilience, confession -- How? -- The scholarly skills: studying texts, collecting ethnographic data, comparing and contrasting ideas -- Perspectival objectivity: from premodern to modern to postmodern -- New trajectories for the study of religion -- Classic books in the study of religion -- Classic essays in the study of religion -- Categorizing religious traditions: an assignment -- Twelve guidelines for the study of religion.
520 $a"This brief primer explains why Christian students should study religion, how they should go about it, and why it is important in our contemporary, pluralistic context. Senior religion scholar Terry Muck introduces the discipline and explains how it can be approached by Christian students. He explores the contemporary significance of studying religion in a complex, multicultural world and concludes by addressing the skills students must bring to the study of religion in the twenty-first century. Written in accessible prose suitable for undergraduates, this introduction can be used to supplement any standard religion textbook."--Publisher.
650 0 $aReligion$xStudy and teaching.
650 0 $aReligion$xMethodology.
650 6 $aReligion$xÉtude et enseignement.
650 6 $aReligion$xMéthodologie.
650 7 $aReligion$xMethodology.$2fast$0(OCoLC)fst01093791
650 7 $aReligion$xStudy and teaching.$2fast$0(OCoLC)fst01093807
776 08 $iElectronic version:$aMuck, Terry C., 1947-$tWhy study religion?$dGrand Rapids : Baker Academic, 2016$z9781493404483$w(OCoLC)953204576
938 $aBrodart$bBROD$n114086001
938 $aBaker and Taylor$bBTCP$nBK0017890631
938 $aYBP Library Services$bYANK$n12663253
029 1 $aCHBIS$b010626920
029 1 $aCHVBK$b364975849
029 1 $aAU@$b000057132444
029 1 $aUKMGB$b017945505
994 $aZ0$bGTX
948 $hNO HOLDINGS IN GTX - 99 OTHER HOLDINGS